HIV prevention : what young gay and bisexual men state in needed : original research report /
Guardat en:
| Autor principal: | |
|---|---|
| Altres autors: | , |
| Format: | Llibre |
| Idioma: | anglès |
| Publicat: |
London :
Institute of Education, University of London,
c2001
|
| Etiquetes: |
Sense etiquetes, Sigues el primer a etiquetar aquest registre!
|
MARC
| LEADER | 00000nam a22000007i 4500 | ||
|---|---|---|---|
| 001 | IT\ICCU\UBO\3640587 | ||
| 003 | ItRI | ||
| 005 | 20260115231824.0 | ||
| 008 | 090526s2001 xxk|||||| ||||| |||||c | ||
| 020 | |a 0854736468 | ||
| 040 | |b ita |c importazione bologna sebina | ||
| 041 | 7 | |a eng |2 ISO-639-2 | |
| 100 | 1 | |a Warwick, Ian |0 IT\ICCU\UBOV\403091 |4 aut | |
| 245 | 1 | 0 | |a HIV prevention : |b what young gay and bisexual men state in needed : original research report / |c Ian Warwick, Nicola Douglas, Peter Aggleton. |
| 260 | |a London : |b Institute of Education, University of London, |c c2001 | ||
| 300 | |a 35 p. ; |c 30 cm. | ||
| 700 | 1 | |a Aggleton, Peter |0 IT\ICCU\TO0V\159013 | |
| 700 | 1 | |a Douglas, Nicola |0 IT\ICCU\UBOV\339534 | |
| 942 | |2 ddc |c BK |n 0 | ||
| 952 | |0 0 |1 0 |4 0 |6 A_616_979000000000000_INS |7 0 |9 13569 |a BO |b BO |d 2026-01-15 |i 5881 |l 0 |o A 616.979 INS |p BO5881 |r 2026-01-15 23:18:24 |w 2026-01-15 |x [Sebina 7] [1 v.] |y BK |z 1 v. | ||
| 999 | |c 11666 |d 11666 | ||